000 00711nam a2200289Ia 4500
005 20260324113215.0
008 008 260324s9999 xx 000 0 eng d
020 _a9781003467236
037 _aEBOOK
040 _aCRL
040 _beng
040 _cCRL
041 _2eng
041 _aeng
084 _qCRL
100 _aPauline Kollontai; Sue Yore
_91145846
245 0 _aReligion in Diverse Societies
245 0 _bCrossing the Boundaries of Prejudice and Distrust
260 _bTaylor and Francis
260 _c2024
365 _a
365 _b220
856 _uhttp://www.taylorfrancis.com/books/9781003467236
942 _cEBOOK
999 _c1735375
_d1735375